Religious coping or coping with religion?: religious belief and practice during incarceration in German youth prisons

Prisoners’ religiosity can be a helpful resource for a successful reintegration into society. Yet, the Christian-focused institutional concepts do not meet the religious needs of Muslims. We assumed that Muslim inmates would find strategies to deal with this lack of religious opportunity structure a...

Ausführliche Beschreibung

Gespeichert in:  
Bibliographische Detailangaben
VerfasserInnen: Bergmann, Barbara 1986- (Verfasst von) ; Lutz, Paulina 1989- (Verfasst von) ; Bartsch, Tillmann 1977- (Verfasst von) ; Stelly, Wolfgang 1967- (Verfasst von)
Medienart: Elektronisch Aufsatz
Sprache:Englisch
Veröffentlicht: 2024
In: Journal of offender rehabilitation
Jahr: 2024, Band: 63, Heft: 2, Seiten: 92-111
Online-Zugang: Volltext (kostenfrei)
Volltext (kostenfrei)
Verfügbarkeit prüfen: HBZ Gateway
Schlagwörter:

MARC

LEADER 00000naa a2200000 c 4500
001 1939114691
003 DE-627
005 20251022135039.0
007 cr uuu---uuuuu
008 251022s2024 xx |||||o 00| ||eng c
024 7 |a 10.1080/10509674.2023.2295864  |2 doi 
035 |a (DE-627)1939114691 
035 |a (DE-599)KXP1939114691 
040 |a DE-627  |b ger  |c DE-627  |e rda 
041 |a eng 
084 |a 2,1  |2 ssgn 
100 1 |a Bergmann, Barbara  |d 1986-  |e VerfasserIn  |0 (DE-588)1237114594  |0 (DE-627)1763020584  |4 aut 
109 |a Bergmann, Barbara 1986-  |a Hausmann, Barbara 1986-  |a Bergmann, B. 1986- 
245 1 0 |a Religious coping or coping with religion?  |b religious belief and practice during incarceration in German youth prisons  |c Barbara Bergmann, Paulina Lutz, Tillmann Bartsch, and Wolfgang Stelly 
264 1 |c 2024 
300 |b Illustrationen 
336 |a Text  |b txt  |2 rdacontent 
337 |a Computermedien  |b c  |2 rdamedia 
338 |a Online-Ressource  |b cr  |2 rdacarrier 
500 |a Literaturverzeichnis: Seite 108-111 
520 |a Prisoners’ religiosity can be a helpful resource for a successful reintegration into society. Yet, the Christian-focused institutional concepts do not meet the religious needs of Muslims. We assumed that Muslim inmates would find strategies to deal with this lack of religious opportunity structure and postulated that the association between religious practice and belief would change over time. We chose a multi-method approach and collected data of 766 Christian and Muslim inmates from four different youth prisons on religious belief and practice via questionnaires and interviews. Qualitative data illustrates how Muslim inmates experience inequality when it comes to practicing their religion. Religious practice and time served was found to predict religious belief. Time served moderated the association between religious belief and practice. Steeper slopes for Muslims with longer time spent in prison indicated two different coping styles: ‘engage’ and ‘retreat’. However, inmates favored ‘retreat’ over ‘engage’. Further research on Muslims’ religious coping mechanisms is needed to build an understanding of religiosity as a resource during and after incarceration. 
650 4 |a opportunity structures 
650 4 |a Strain 
650 4 |a Religiosity 
650 4 |a Muslim 
650 4 |a youth prison 
700 1 |a Lutz, Paulina  |d 1989-  |e VerfasserIn  |0 (DE-588)1242288279  |0 (DE-627)1772202819  |4 aut 
700 1 |a Bartsch, Tillmann  |d 1977-  |e VerfasserIn  |0 (DE-588)137778015  |0 (DE-627)595611028  |0 (DE-576)305095064  |4 aut 
700 1 |a Stelly, Wolfgang  |d 1967-  |e VerfasserIn  |0 (DE-588)1045950629  |0 (DE-627)775182486  |0 (DE-576)184076749  |4 aut 
773 0 8 |i Enthalten in  |t Journal of offender rehabilitation  |d Philadelphia, Pa. : Routledge, Taylor & Francis Group, 2008  |g 63(2024), 2, Seite 92-111  |h Online-Ressource  |w (DE-627)355986884  |w (DE-600)2091279-1  |w (DE-576)105703648  |x 1540-8558  |7 nnas 
773 1 8 |g volume:63  |g year:2024  |g number:2  |g pages:92-111 
856 |u https://www.tandfonline.com/doi/pdf/10.1080/10509674.2023.2295864?needAccess=true  |x unpaywall  |z Vermutlich kostenfreier Zugang  |h publisher [deprecated] 
856 4 0 |u https://doi.org/10.1080/10509674.2023.2295864  |x Resolving-System  |z kostenfrei  |3 Volltext  |7 0 
856 4 0 |u https://www.tandfonline.com/doi/full/10.1080/10509674.2023.2295864  |x Verlag  |z kostenfrei  |3 Volltext  |7 0 
951 |a AR 
ELC |a 1 
LOK |0 000 xxxxxcx a22 zn 4500 
LOK |0 001 4790751155 
LOK |0 003 DE-627 
LOK |0 004 1939114691 
LOK |0 005 20251022135039 
LOK |0 008 251022||||||||||||||||ger||||||| 
LOK |0 040   |a DE-21-110  |c DE-627  |d DE-21-110 
LOK |0 092   |o n 
LOK |0 852   |a DE-21-110 
LOK |0 852 1  |9 00 
LOK |0 866   |x #a#Stelly, Wolfgang#/a# 
LOK |0 935   |a t110 
LOK |0 939   |a 22-10-25  |b l01 
LOK |0 000 xxxxxcx a22 zn 4500 
LOK |0 001 4790750833 
LOK |0 003 DE-627 
LOK |0 004 1939114691 
LOK |0 005 20251022135002 
LOK |0 008 251022||||||||||||||||ger||||||| 
LOK |0 040   |a DE-2619  |c DE-627  |d DE-2619 
LOK |0 092   |o n 
LOK |0 852   |a DE-2619 
LOK |0 852 1  |9 00 
LOK |0 939   |a 22-10-25  |b l01 
OAS |a 1 
ORI |a SA-MARC-krimdoka001.raw